21 Habits to Yogic Living (Record no. 8777)

MARC details
000 -LEADER
fixed length control field 00302nam a2200133Ia 4500
008 - FIXED-LENGTH DATA ELEMENTS--GENERAL INFORMATION
fixed length control field 260604s9999 xx 000 0 und d
020 ## - INTERNATIONAL STANDARD BOOK NUMBER
International Standard Book Number 9780143459392
082 ## - DEWEY DECIMAL CLASSIFICATION NUMBER
Classification number 613.70 KAP
100 ## - MAIN ENTRY--PERSONAL NAME
Personal name Juhi kapoor
9 (RLIN) 35937
245 #0 - TITLE STATEMENT
Title 21 Habits to Yogic Living
260 ## - PUBLICATION, DISTRIBUTION, ETC.
Name of publisher, distributor, etc. EBURY
500 ## - GENERAL NOTE
General note Yoga
942 ## - ADDED ENTRY ELEMENTS (KOHA)
Koha item type Book
Holdings
Date last seen Total Checkouts Full call number Barcode Cost, replacement price Price effective from Koha item type Lost status Damaged status Not for loan Withdrawn status Home library Current library Shelving location Date acquired Cost, normal purchase price BOOK NO
06/04/2026   613.70 KAP 004395 499.00 06/04/2026 Book         Indian Institute of Management Visakhapatnam Indian Institute of Management Visakhapatnam   06/04/2026 499.00 KAP

Copyright © 2024 Indian Institute of Management Visakhapatnam
Koha v23.05